Reingeniería : olvide lo que usted sabe sobre cómo debe funcionar una empresa. ¡Casi todo esta errado!
Furkejuvvon:
| Váldodahkki: | |
|---|---|
| Eará dahkkit: | |
| Materiálatiipa: | Girji |
| Almmustuhtton: |
Barcelona : Grupo Editorial Norma
1994
|
| Fáttát: | |
| Fáddágilkorat: |
Lasit fáddágilkoriid
Eai fáddágilkorat, Lasit vuosttaš fáddágilkora!
|
MARC
| LEADER | 00000nam a2200000Ia 4500 | ||
|---|---|---|---|
| 003 | 000466 | ||
| 005 | 20221231144016.0 | ||
| 008 | 140114s1994 sp a 000 ||s d | ||
| 040 | |c cru CEDI | ||
| 082 | |a 658.406 H224r | ||
| 100 | |a Hammer, Michael |9 18587 | ||
| 245 | |a Reingeniería : olvide lo que usted sabe sobre cómo debe funcionar una empresa. ¡Casi todo esta errado! | ||
| 260 | |a Barcelona : Grupo Editorial Norma |c 1994 | ||
| 300 | |a viii, 226 páginas | ||
| 500 | |a Título orignal: "Reegineering the corporation : a manifesto for business revolution. | ||
| 650 | |x CAMBIO ORGANIZACIONAL |9 18589 | ||
| 700 | |9 18588 |a Champy, James | ||
| 942 | |2 ddc |c BK | ||
| 999 | |c 15548 |d 15548 | ||
